[Event "BL2-Sued 2223"]
[Site "Germany"]
[Date "2023.02.25"]
[Round "7.7"]
[White "Daulyte Cornette, Deimante"]
[Black "Raps, Johannes"]
[Result "1-0"]
[WhiteElo "2354"]
[BlackElo "2109"]
[PlyCount "59"]
[EventDate "2022.10.22"]
[EventType "team-tourn"]
[EventRounds "9"]
[EventCountry "GER"]
[SourceTitle "EXT 2024"]
[Source "ChessBase"]
[SourceDate "2023.10.10"]
[SourceVersion "1"]
[SourceVersionDate "2023.10.10"]
[SourceQuality "1"]
[WhiteTeam "Oetigheim"]
[BlackTeam "Bad Mergentheim"]
[WhiteTeamCountry "GER"]
[BlackTeamCountry "GER"]

1. e4 c5 2. Nf3 d6 3. d4 cxd4 4. Nxd4 Nf6 5. Nc3 g6 6. g3 Bg7 7. Bg2 0-0 8. 0-0 Bg4 9. f3 Bd7 10. Be3 Nc6 11. Nde2 a6 12. h3 b5 13. f4 Rc8 14. Qe1 Na5 15. Qf2 Nc4 16. Bd4 b4 17. Nd5 Nxd5 18. exd5 Bxd4 19. Nxd4 Qb6 20. a3 bxa3 21. b3 Na5 22. Rxa3 Nb7 23. Nc6 Qxf2+ 24. Kxf2 Bxc6 25. dxc6 Nc5 26. b4 Ne6 27. Rxa6 Rb8 28. c3 Rfc8 29. Rfa1 Nd8 30. R1a5 1-0

[Event "Verbandsliga Nordbaden 2223"]
[Site "Germany"]
[Date "2023.01.22"]
[Round "5.5"]
[White "Oze, Krisztian"]
[Black "Raps, Johannes"]
[Result "0-1"]
[WhiteElo "1992"]
[BlackElo "2109"]
[PlyCount "90"]
[EventDate "2022.09.25"]
[EventType "team-tourn"]
[EventRounds "9"]
[EventCountry "GER"]
[SourceTitle "EXT 2024"]
[Source "ChessBase"]
[SourceDate "2023.10.10"]
[SourceVersion "1"]
[SourceVersionDate "2023.10.10"]
[SourceQuality "1"]
[WhiteTeam "Ettlingen II"]
[BlackTeam "Bad Mergentheim II"]
[WhiteTeamCountry "GER"]
[BlackTeamCountry "GER"]

1. c4 e5 2. Nc3 Nc6 3. g3 g6 4. Bg2 Bg7 5. d3 Nf6 6. Nf3 0-0 7. 0-0 d6 8. Bd2 Re8 9. e4 Bd7 10. h3 Rb8 11. Qc1 Nb4 12. Ne1 c6 13. a3 Na6 14. b4 Nc7 15. Kh2 d5 16. exd5 cxd5 17. Bg5 Be6 18. c5 Qd7 19. Qd2 Nh5 20. g4 Nf6 21. Bxf6 Bxf6 22. f4 exf4 23. d4 g5 24. Nf3 Kg7 25. Rae1 Nb5 26. Nxb5 Qxb5 27. Kg1 Rh8 28. Ne5 h5 29. Bf3 hxg4 30. hxg4 Rh4 31. Kg2 Rbh8 32. Kf2 Rh2+ 33. Bg2 Qe8 34. Nf3 R2h6 35. Rh1 Rxh1 36. Bxh1 Qc8 37. Qa2 Bxg4 38. Qxd5 Rd8 39. Qe4 Bf5 40. Qe2 g4 41. Rg1 Kf8 42. Ne5 g3+ 43. Kf1 Rxd4 44. Bf3 Qe6 45. Ng4 Bd3 0-1

[Event "BL2-Sued 2223"]
[Site "Germany"]
[Date "2022.11.27"]
[Round "4.8"]
[White "Gabriel, Robert A"]
[Black "Raps, Johannes"]
[Result "1-0"]
[WhiteElo "2195"]
[BlackElo "2109"]
[PlyCount "121"]
[EventDate "2022.10.22"]
[EventType "team-tourn"]
[EventRounds "9"]
[EventCountry "GER"]
[SourceTitle "EXT 2024"]
[Source "ChessBase"]
[SourceDate "2023.10.10"]
[SourceVersion "1"]
[SourceVersionDate "2023.10.10"]
[SourceQuality "1"]
[WhiteTeam "Stuttgart"]
[BlackTeam "Bad Mergentheim"]
[WhiteTeamCountry "GER"]
[BlackTeamCountry "GER"]

1. d4 d5 2. Nf3 Nf6 3. c4 e6 4. Nc3 Be7 5. Bg5 0-0 6. e3 Nbd7 7. Rc1 c6 8. Bd3 Ng4 9. Bxe7 Qxe7 10. h3 Ngf6 11. 0-0 dxc4 12. Bxc4 e5 13. Bb3 b6 14. d5 Ba6 15. dxc6 Nc5 16. Re1 Rad8 17. Nd5 Nxd5 18. Bxd5 e4 19. c7 Rd7 20. Nd4 Nd3 21. Qa4 Bc8 22. Nf5 Qf6 23. Bxe4 Nxe1 24. Rxe1 Rd2 25. Qb4 Rd7 26. Rc1 a5 27. Qc3 Qxc3 28. Rxc3 g6 29. Nd4 f5 30. Bc6 Re7 31. Nb5 Kg7 32. Nd6 Rxc7 33. Ne8+ Rxe8 34. Bxe8 Rxc3 35. bxc3 Be6 36. a3 Bc4 37. f4 Kf6 38. Kf2 Ke6 39. e4 fxe4 40. Ke3 Bf1 41. Kf2 Bd3 42. g4 h6 43. h4 Ke7 44. Bc6 Kd6 45. Bb7 Kc5 46. Ke3 Bb5 47. Bxe4 Be8 48. Bd3 Kd5 49. c4+ Kd6 50. Kd4 Bf7 51. Be4 Be8 52. Bd5 Ba4 53. Bf7 Bc2 54. g5 hxg5 55. hxg5 Bf5 56. Bd5 Bd7 57. Ke4 Be8 58. f5 gxf5+ 59. Kxf5 b5 60. g6 bxc4 61. g7 1-0

[Event "Oberliga Baden 2122"]
[Site "Germany"]
[Date "2022.05.14"]
[Round "5.8"]
[White "Eisenbeiser, Karlheinz"]
[Black "Raps, Johannes"]
[Result "1/2-1/2"]
[WhiteElo "1914"]
[BlackElo "2114"]
[PlyCount "74"]
[EventDate "2021.10.10"]
[EventType "team-tourn"]
[EventRounds "11"]
[EventCountry "GER"]
[SourceTitle "EXT 2023"]
[Source "ChessBase"]
[SourceDate "2022.10.05"]
[SourceVersion "1"]
[SourceVersionDate "2022.10.05"]
[SourceQuality "1"]
[WhiteTeam "Buchen"]
[BlackTeam "Bad Mergentheim"]
[WhiteTeamCountry "GER"]
[BlackTeamCountry "GER"]

1. e4 g6 2. d4 Bg7 3. Nc3 d6 4. f4 Nd7 5. Nf3 Nh6 6. Be3 0-0 7. Qd2 Ng4 8. Bg1 e5 9. dxe5 dxe5 10. h3 Ngf6 11. fxe5 Ne8 12. Bh2 c6 13. Bc4 b5 14. Bb3 Qe7 15. 0-0 Nxe5 16. Nxe5 Bxe5 17. Bxe5 Qxe5 18. Qf4 Qxf4 19. Rxf4 Nc7 20. a4 Be6 21. Bxe6 Nxe6 22. Rf2 b4 23. Ne2 Rad8 24. Ng3 Rd4 25. b3 Rfd8 26. Re1 c5 27. e5 Rd1 28. Rxd1 Rxd1+ 29. Kh2 Rd5 30. Re2 Nd4 31. Ne4 Kg7 32. Nf6 Rd8 33. Rf2 h5 34. Ne4 Rd5 35. Nd6 Rxe5 36. Rxf7+ Kg8 37. Rxa7 Re2 1/2-1/2

[Event "Verbandsliga Nordbaden 1920"]
[Site "Baden"]
[Date "2021.07.04"]
[Round "8.4"]
[White "Raps, Johannes"]
[Black "Wiesner, Alexander"]
[Result "1-0"]
[WhiteElo "2137"]
[BlackElo "1960"]
[PlyCount "83"]
[EventDate "2019.09.29"]
[EventType "team-tourn"]
[EventRounds "9"]
[EventCountry "GER"]
[SourceTitle "EXT 2021"]
[Source "ChessBase"]
[SourceDate "2020.10.23"]
[SourceVersion "1"]
[SourceVersionDate "2020.10.23"]
[SourceQuality "1"]
[WhiteTeam "Bad Mergentheim II"]
[BlackTeam "Karlsruhe II"]
[WhiteTeamCountry "GER"]
[BlackTeamCountry "GER"]

1. d4 d5 2. Nf3 Bg4 3. Ne5 Bf5 4. c4 c6 5. cxd5 cxd5 6. Qb3 Qc8 7. Nc3 e6 8. Bf4 a6 9. Rc1 Nc6 10. Nxc6 bxc6 11. Na4 Ra7 12. Qb6 Qb7 13. Qxc6+ Qxc6 14. Rxc6 Bb4+ 15. Nc3 Ne7 16. Rb6 Bxc3+ 17. bxc3 Ng6 18. Bd6 Kd7 19. e3 Rc8 20. Bc5 Raa8 21. Bxa6 Rcb8 22. Bb5+ Kc7 23. Rxb8 Kxb8 24. a3 Ra5 25. Be8 f6 26. Kd2 Nh4 27. a4 g5 28. Bb6 Ra6 29. a5 Kb7 30. Rc1 Ra8 31. Bd7 e5 32. Bb5 Nxg2 33. c4 dxc4 34. Rxc4 Be4 35. dxe5 Bd5 36. Rc5 Be4 37. exf6 Rf8 38. Rc7+ Kb8 39. a6 Nh4 40. Re7 Bd5 41. a7+ Ka8 42. f7 1-0

[Event "Verbandsliga Nordbaden 1819"]
[Site "Baden"]
[Date "2019.01.13"]
[Round "4.2"]
[White "Becker, Matthias"]
[Black "Raps, Johannes"]
[Result "1/2-1/2"]
[WhiteElo "1950"]
[BlackElo "2137"]
[PlyCount "118"]
[EventDate "2018.10.14"]
[EventType "team-tourn"]
[EventRounds "9"]
[EventCountry "GER"]
[SourceTitle "EXT 2020"]
[Source "ChessBase"]
[SourceDate "2019.10.17"]
[SourceVersion "1"]
[SourceVersionDate "2019.10.17"]
[SourceQuality "1"]
[WhiteTeam "Buchen II"]
[BlackTeam "Bad Mergentheim II"]
[WhiteTeamCountry "GER"]
[BlackTeamCountry "GER"]

1. d4 Nf6 2. Nf3 g6 3. e3 Bg7 4. b4 0-0 5. Bb2 d5 6. c4 c6 7. Nc3 Bf5 8. Qb3 a6 9. a4 Ne4 10. Be2 Nxc3 11. Bxc3 h6 12. 0-0 Be6 13. c5 Nd7 14. Qb2 Qc7 15. b5 axb5 16. axb5 cxb5 17. Qxb5 b6 18. c6 Rxa1 19. Rxa1 Nb8 20. Bb4 Nxc6 21. Rc1 Rc8 22. Bxe7 Qxe7 23. Rxc6 Rxc6 24. Qxc6 Qb4 25. h4 Bf6 26. h5 gxh5 27. Ne5 Bxe5 28. dxe5 Qe1+ 29. Bf1 h4 30. Qxb6 h3 31. Qd8+ Kh7 32. Qh4 d4 33. gxh3 Bc4 34. Qe4+ Kg7 35. Qg2+ Kf8 36. Qa8+ Kg7 37. Qg2+ Kh7 38. exd4 Qd1 39. Qe4+ Kh8 40. Qa8+ Kh7 41. Qe4+ Kh8 42. Qg2 Be6 43. Kh2 Qxd4 44. Qg3 Bf5 45. Bg2 Kh7 46. Bf3 Bg6 47. Bg4 Qe4 48. Bf3 Qd4 49. Bg2 Bf5 50. Qe3 Qxe3 51. fxe3 Kg6 52. Kg3 f6 53. Kf4 fxe5+ 54. Kxe5 Bc8 55. Bf1 Kg5 56. Bg2 Bd7 57. Kd6 Bf5 58. e4 Bxe4 59. Bxe4 Kf6 1/2-1/2

[Event "Oberliga Baden 1718"]
[Site "Baden"]
[Date "2018.01.21"]
[Round "5.6"]
[White "Krstulovic, Alex"]
[Black "Raps, Johannes"]
[Result "1/2-1/2"]
[WhiteElo "2388"]
[BlackElo "2133"]
[PlyCount "87"]
[EventDate "2017.10.08"]
[EventType "team-tourn"]
[EventRounds "9"]
[EventCountry "GER"]
[SourceTitle "EXT 2019"]
[Source "ChessBase"]
[SourceDate "2018.10.10"]
[SourceVersion "1"]
[SourceVersionDate "2018.10.10"]
[SourceQuality "1"]
[WhiteTeam "Buchen"]
[BlackTeam "Bad Mergentheim"]
[WhiteTeamCountry "GER"]
[BlackTeamCountry "GER"]

1. d4 d5 2. c4 c6 3. cxd5 cxd5 4. Bf4 e6 5. Nc3 Bd6 6. Bxd6 Qxd6 7. e3 Bd7 8. Bd3 Nc6 9. a3 Nf6 10. f4 Rc8 11. Nf3 Ng4 12. Qe2 f5 13. Ne5 Ncxe5 14. fxe5 Qb6 15. 0-0 0-0 16. Rac1 a6 17. h3 Nh6 18. Rf4 Rf7 19. Rcf1 Rcf8 20. R4f2 Qd8 21. b4 Qh4 22. Qf3 Rc8 23. Rc2 g5 24. Rfc1 Kg7 25. Ne2 Rxc2 26. Rxc2 Qe1+ 27. Qf1 Qh4 28. Qf2 Qh5 29. Ng3 Qd1+ 30. Qf1 Qxf1+ 31. Kxf1 Ng8 32. Rc7 Bc6 33. Rxf7+ Kxf7 34. Ne2 Ne7 35. Nc3 Nc8 36. g4 fxg4 37. hxg4 h6 38. a4 Nb6 39. b5 axb5 40. axb5 Bd7 41. Ke2 Ke7 42. e4 dxe4 43. Bxe4 Na4 44. Nxa4 1/2-1/2

[Event "Oberliga Baden 1718"]
[Site "Baden"]
[Date "2017.11.12"]
[Round "3.5"]
[White "Raps, Johannes"]
[Black "Hell, Pascal"]
[Result "1/2-1/2"]
[WhiteElo "2145"]
[BlackElo "2161"]
[PlyCount "64"]
[EventDate "2017.10.08"]
[EventType "team-tourn"]
[EventRounds "9"]
[EventCountry "GER"]
[SourceTitle "EXT 2019"]
[Source "ChessBase"]
[SourceDate "2018.10.10"]
[SourceVersion "1"]
[SourceVersionDate "2018.10.10"]
[SourceQuality "1"]
[WhiteTeam "Bad Mergentheim"]
[BlackTeam "Dreilaendereck"]
[WhiteTeamCountry "GER"]
[BlackTeamCountry "GER"]

1. d4 g6 2. Nf3 Bg7 3. g3 Nf6 4. Bg2 0-0 5. 0-0 d6 6. c4 Nbd7 7. Nc3 c5 8. e3 Rb8 9. Rb1 a6 10. a4 b6 11. Qe2 Bb7 12. Rd1 Ne4 13. Bd2 Ndf6 14. Nxe4 Bxe4 15. Rbc1 Qd7 16. b3 Qb7 17. Bc3 d5 18. cxd5 Bxd5 19. dxc5 bxc5 20. Be5 Rbc8 21. Ne1 Bxg2 22. Nxg2 Qxb3 23. Qxa6 Rfd8 24. Rxd8+ Rxd8 25. Bxf6 Bxf6 26. Nf4 g5 27. Ne2 Rd1+ 28. Rxd1 Qxd1+ 29. Kg2 Qd5+ 30. f3 c4 31. Qc8+ Kg7 32. a5 Qxa5 1/2-1/2

[Event "BL2-Ost 1617"]
[Site "Germany"]
[Date "2016.10.14"]
[Round "6.6"]
[White "Raps, Johannes"]
[Black "Pfretzschner, Roland"]
[Result "1/2-1/2"]
[WhiteElo "2182"]
[BlackElo "2214"]
[PlyCount "63"]
[EventDate "2016.10.14"]
[EventType "team-tourn"]
[EventRounds "10"]
[EventCountry "GER"]
[SourceTitle "CBM 177 Extra"]
[Source "ChessBase"]
[SourceDate "2017.04.27"]
[SourceVersion "1"]
[SourceVersionDate "2017.04.27"]
[SourceQuality "1"]
[WhiteTeam "Bad Mergentheim"]
[BlackTeam "Koenig Plauen"]
[WhiteTeamCountry "GER"]
[BlackTeamCountry "GER"]

1. d4 c5 2. c3 Nf6 3. Nf3 b6 4. g3 Bb7 5. Bg2 e6 6. 0-0 Be7 7. b3 0-0 8. Bb2 Qc7 9. Nbd2 Ne4 10. Rc1 d6 11. Nxe4 Bxe4 12. Qd2 Nd7 13. Rfd1 Rad8 14. c4 h6 15. Ne1 Bxg2 16. Nxg2 Qb7 17. Nf4 Nf6 18. dxc5 Ne4 19. Qe3 bxc5 20. Qf3 Rd7 21. Nh5 e5 22. Qg4 Bg5 23. f4 f5 24. Qf3 exf4 25. gxf4 Bh4 26. Rd5 g6 27. Ng3 Bf6 28. Bxf6 Nxf6 29. Rd3 Ne4 30. Rcd1 Re8 31. Qg2 Kf7 32. Nxe4 1/2-1/2

[Event "BL2-Ost 1516"]
[Site "Germany"]
[Date "2016.02.20"]
[Round "9.7"]
[White "Raps, Johannes"]
[Black "Schunk, Thomas"]
[Result "1/2-1/2"]
[WhiteElo "2171"]
[BlackElo "2194"]
[PlyCount "89"]
[EventDate "2015.09.20"]
[EventType "team-tourn"]
[EventRounds "9"]
[EventCountry "GER"]
[SourceTitle "CBM 171 Extra"]
[Source "ChessBase"]
[SourceDate "2016.04.26"]
[SourceVersion "1"]
[SourceVersionDate "2016.04.26"]
[SourceQuality "1"]
[WhiteTeam "Bad Mergentheim"]
[BlackTeam "Leipzig SG"]
[WhiteTeamCountry "GER"]
[BlackTeamCountry "GER"]

1. d4 Nf6 2. Nf3 g6 3. g3 Bg7 4. Bg2 0-0 5. 0-0 d6 6. c4 c6 7. Nc3 Bg4 8. b3 Qa5 9. Bb2 Nbd7 10. h3 Bxf3 11. Bxf3 Rad8 12. Qc2 e5 13. dxe5 Nxe5 14. Bg2 Ne8 15. Rad1 f5 16. f4 Nf7 17. Kh2 Nf6 18. e4 fxe4 19. Bxe4 Qh5 20. Kg2 Rfe8 21. Rde1 Qa5 22. a3 d5 23. b4 Qc7 24. Bd3 d4 25. Rxe8+ Rxe8 26. Ne2 c5 27. bxc5 Qc6+ 28. Rf3 Qxc5 29. Nxd4 Nd6 30. Nb3 Qc6 31. c5 Nf5 32. Bxf5 gxf5 33. Qc4+ Kh8 34. Be5 Nd5 35. Kf2 Nf6 36. Nd4 Ne4+ 37. Ke3 Qg6 38. Bxg7+ Kxg7 39. Kd3 Nxg3 40. Qd5 Qa6+ 41. Kc2 Ne4 42. Nxf5+ Kf8 43. Nd4 Qa5 44. Qf5+ Kg8 45. Qd5+ 1/2-1/2

[Event "Verbandsliga Nordbaden 1415"]
[Site "Baden"]
[Date "2015.01.25"]
[Round "5.3"]
[White "Hubel, Merten"]
[Black "Raps, Johannes"]
[Result "0-1"]
[WhiteElo "2048"]
[BlackElo "2168"]
[PlyCount "114"]
[EventDate "2014.10.12"]
[EventType "team-tourn"]
[EventRounds "9"]
[EventCountry "GER"]
[SourceTitle "EXT 2022"]
[Source "ChessBase"]
[SourceDate "2021.10.06"]
[SourceVersion "1"]
[SourceVersionDate "2021.10.06"]
[SourceQuality "1"]
[WhiteTeam "Birkenfeld"]
[BlackTeam "Bad Mergentheim II"]
[WhiteTeamCountry "GER"]
[BlackTeamCountry "GER"]

1. d4 e6 2. c4 f5 3. g3 Nf6 4. Bg2 Bb4+ 5. Bd2 Bxd2+ 6. Qxd2 0-0 7. Nc3 d6 8. Nf3 Nbd7 9. 0-0 c6 10. Rfd1 d5 11. Rab1 Qe7 12. Ne5 Nxe5 13. dxe5 Ng4 14. f4 Qc5+ 15. Qd4 Qxd4+ 16. Rxd4 c5 17. Rd3 dxc4 18. Rd6 Rb8 19. a4 Nh6 20. Rbd1 Nf7 21. R6d2 b6 22. e4 fxe4 23. Nxe4 Bb7 24. Rd7 Rfd8 25. Kf2 Bc6 26. Rxd8+ Rxd8 27. Rxd8+ Nxd8 28. a5 Bxe4 29. Bxe4 b5 30. g4 h6 31. Ke3 Kf7 32. h4 Ke7 33. h5 Kd7 34. f5 Ke7 35. a6 Nf7 36. Kf4 b4 37. Bc2 Ng5 38. Ba4 Nh7 39. Bb5 c3 40. bxc3 b3 41. Bd3 Ng5 42. Bb1 Nf7 43. Ke4 Nd8 44. Kd3 Nc6 45. Kc4 Nxe5+ 46. Kxc5 Nxg4 47. fxe6 Kxe6 48. Kc6 Ne5+ 49. Kb5 Nf3 50. Kc6 Nd2 51. Bd3 b2 52. Kb7 Kd6 53. Kxa7 Kc7 54. Ka8 Nc4 55. Ka7 Ne5 56. Bb1 Nd7 57. Bf5 Nf6 0-1

[Event "Verbandsliga Nord Baden 1314"]
[Site "Germany"]
[Date "2014.02.02"]
[Round "5.1"]
[White "Schrems, Hermann"]
[Black "Raps, Johannes"]
[Result "0-1"]
[WhiteElo "2153"]
[BlackElo "2160"]
[PlyCount "134"]
[EventDate "2013.10.20"]
[EventType "team-tourn"]
[EventRounds "9"]
[EventCountry "GER"]
[SourceTitle "EXT 2015"]
[Source "ChessBase"]
[SourceDate "2014.11.20"]
[SourceVersion "1"]
[SourceVersionDate "2014.11.20"]
[SourceQuality "1"]
[WhiteTeam "Weinheim"]
[BlackTeam "Bad Mergentheim II"]
[WhiteTeamCountry "GER"]
[BlackTeamCountry "GER"]

1. d4 Nf6 2. c4 g6 3. g3 Bg7 4. Bg2 0-0 5. Nf3 d6 6. 0-0 Nbd7 7. Nc3 e5 8. e4 Re8 9. d5 Nc5 10. Ne1 a5 11. Bg5 h6 12. Bd2 Bd7 13. b3 Qc8 14. Qc1 Kh7 15. Qc2 Bh3 16. f3 Bxg2 17. Kxg2 Qd7 18. Rd1 Nh5 19. Be3 Na6 20. a3 f5 21. Nd3 Rf8 22. b4 fxe4 23. Nxe4 axb4 24. axb4 Nb8 25. Qe2 Qe7 26. Ra1 Nd7 27. Ra2 Nhf6 28. Ndf2 b5 29. Rfa1 Rxa2 30. Rxa2 bxc4 31. Qxc4 Qf7 32. Nd2 Nxd5 33. Ba7 Nxb4 34. Qxf7 Rxf7 35. Rb2 Nc6 36. Rb7 Nxa7 37. Rxa7 Nc5 38. Nfe4 Nxe4 39. fxe4 Bf6 40. Nc4 Kg7 41. Ra6 h5 42. Ne3 Rf8 43. Rc6 Rc8 44. Nd5 Bd8 45. h4 Kf7 46. Kh3 Ke6 47. g4 hxg4+ 48. Kxg4 Kd7 49. Ra6 Rb8 50. h5 gxh5+ 51. Kxh5 Rb3 52. Kg4 c6 53. Ra7+ Ke6 54. Nc7+ Bxc7 55. Rxc7 c5 56. Rh7 Re3 57. Rh6+ Kd7 58. Rh7+ Kc6 59. Kf5 c4 60. Rh8 Kc5 61. Rd8 c3 62. Rc8+ Kd4 63. Ke6 Kxe4 64. Kxd6 Kd3 65. Kc5 c2 66. Kb4 Kd2 67. Rd8+ Rd3 0-1

[Event "Verbandsliga Nord Baden 1314"]
[Site "Germany"]
[Date "2013.10.20"]
[Round "1.1"]
[White "Chernov, Vadim A"]
[Black "Raps, Johannes"]
[Result "1/2-1/2"]
[WhiteElo "2452"]
[BlackElo "2152"]
[PlyCount "88"]
[EventDate "2013.10.20"]
[EventType "team-tourn"]
[EventRounds "9"]
[EventCountry "GER"]
[SourceTitle "EXT 2015"]
[Source "ChessBase"]
[SourceDate "2014.11.20"]
[SourceVersion "1"]
[SourceVersionDate "2014.11.20"]
[SourceQuality "1"]
[WhiteTeam "Ladenburg"]
[BlackTeam "Bad Mergentheim II"]
[WhiteTeamCountry "GER"]
[BlackTeamCountry "GER"]

1. e4 c5 2. g3 Nc6 3. Bg2 g6 4. d3 Bg7 5. f4 d6 6. Nf3 e6 7. 0-0 Nge7 8. c3 b5 9. Be3 0-0 10. d4 cxd4 11. cxd4 Bb7 12. Nc3 a6 13. Re1 Rc8 14. Rc1 Na5 15. Bf2 Nc4 16. b3 Nb6 17. Qd3 Nd7 18. g4 Nf6 19. g5 Nh5 20. Be3 d5 21. e5 Nf5 22. Bd2 Qb6 23. Bh3 Rc7 24. Ne2 Rfc8 25. Rxc7 Rxc7 26. Bg4 Qc6 27. Rc1 Qb6 28. Bxh5 gxh5 29. Rxc7 Qxc7 30. Ng3 Nxg3 31. hxg3 Bf8 32. Kg2 Bc8 33. Kh3 Bd7 34. Ne1 a5 35. Kh4 Be8 36. Qe2 Be7 37. Kh3 Qb6 38. Be3 a4 39. Qc2 axb3 40. axb3 Qa5 41. Nd3 Qa1 42. Qc1 Qa2 43. Qc8 Kf8 44. Nc5 Qe2 1/2-1/2

[Event "BL2-Sued 1213"]
[Site "Germany"]
[Date "2013.01.13"]
[Round "5.6"]
[White "Nemeth, Miklos"]
[Black "Raps, Johannes"]
[Result "1-0"]
[WhiteElo "2446"]
[BlackElo "2155"]
[PlyCount "59"]
[EventDate "2012.10.14"]
[EventType "team-tourn"]
[EventRounds "9"]
[EventCountry "GER"]
[SourceTitle "CBM 154 Extra"]
[Source "ChessBase"]
[SourceDate "2013.06.25"]
[SourceVersion "2"]
[SourceVersionDate "2013.06.25"]
[SourceQuality "1"]
[WhiteTeam "Schwegenheim"]
[BlackTeam "Bad Mergentheim"]
[WhiteTeamCountry "GER"]
[BlackTeamCountry "GER"]

1. e4 c5 2. Nf3 d6 3. d4 cxd4 4. Nxd4 Nf6 5. Nc3 g6 6. Bg5 Bg7 7. Bb5+ Bd7 8. Qe2 a6 9. Bxd7+ Nbxd7 10. 0-0-0 0-0 11. f4 Qc7 12. Rhe1 e5 13. Nb3 Nb6 14. f5 h6 15. Bh4 Rac8 16. Rd3 Rfe8 17. Rf1 g5 18. Bf2 Nc4 19. h4 b5 20. hxg5 hxg5 21. a3 Red8 22. Rg3 Kf8 23. Rh1 Qc6 24. Be1 a5 25. Nd5 Nxd5 26. exd5 Qxd5 27. Rxg5 Nxa3 28. bxa3 Qxb3 29. Rxg7 Qxa3+ 30. Kb1 1-0

[Event "Verbandsliga Nord Baden 1213"]
[Site "Baden"]
[Date "2012.10.21"]
[Round "1.2"]
[White "Raps, Johannes"]
[Black "Neunhoeffer, Helmut"]
[Result "0-1"]
[WhiteElo "2155"]
[BlackElo "2279"]
[PlyCount "50"]
[EventDate "2012.10.21"]
[EventType "team-tourn"]
[EventRounds "9"]
[EventCountry "GER"]
[SourceTitle "EXT 2014"]
[Source "ChessBase"]
[SourceDate "2013.11.20"]
[SourceVersion "1"]
[SourceVersionDate "2013.11.20"]
[SourceQuality "1"]
[WhiteTeam "Bad Mergentheim II"]
[BlackTeam "Heidelberg"]
[WhiteTeamCountry "GER"]
[BlackTeamCountry "GER"]

1. d4 d5 2. c4 c6 3. Nc3 dxc4 4. a4 e5 5. e3 exd4 6. exd4 Be6 7. Nf3 Nf6 8. Ne5 c5 9. Be3 cxd4 10. Qxd4 Qxd4 11. Bxd4 Nc6 12. Nxc6 bxc6 13. Bxf6 gxf6 14. 0-0-0 Rb8 15. Ne4 Rb4 16. Be2 Bh6+ 17. Kc2 Ke7 18. Rhe1 Rhb8 19. Rb1 Bf4 20. Bf3 Bf5 21. g4 Bg6 22. h4 h6 23. h5 Bh7 24. Kd1 Kf8 25. Re2 c3 0-1

[Event "Oberliga Baden 1112"]
[Site "Germany"]
[Date "2011.10.23"]
[Round "2.4"]
[White "Adler, Joel Arturo Manuel"]
[Black "Raps, Johannes"]
[Result "1/2-1/2"]
[WhiteElo "2240"]
[BlackElo "2148"]
[PlyCount "83"]
[EventDate "2011.10.02"]
[EventType "team-tourn"]
[EventRounds "9"]
[EventCountry "GER"]
[SourceTitle "EXT 2013"]
[Source "ChessBase"]
[SourceDate "2012.11.22"]
[SourceVersion "1"]
[SourceVersionDate "2012.11.22"]
[SourceQuality "1"]
[WhiteTeam "Kirchheim"]
[BlackTeam "Bad Mergentheim"]
[WhiteTeamCountry "GER"]
[BlackTeamCountry "GER"]

1. d4 Nf6 2. c4 e6 3. Nf3 d5 4. Nc3 Bb4 5. cxd5 exd5 6. Bg5 0-0 7. e3 c6 8. Qc2 Qd6 9. Bd3 h6 10. Bf4 Qe7 11. h3 Nbd7 12. 0-0-0 c5 13. g4 c4 14. Bf5 Bxc3 15. Qxc3 Ne4 16. Bxe4 dxe4 17. Ne5 Nxe5 18. Bxe5 b5 19. d5 f6 20. Bg3 Bd7 21. Kb1 Rfc8 22. Bc7 Qc5 23. d6 Re8 24. Rd4 Re5 25. Rhd1 Qc6 26. Qb4 a5 27. Qc3 Rc5 28. Qc2 Re5 29. a4 bxa4 30. Qxc4+ Qxc4 31. Rxc4 g6 32. Rdc1 Kf7 33. Rc5 Rxc5 34. Rxc5 Ra6 35. Rxa5 Rxa5 36. Bxa5 Ke6 37. Bb4 Kd5 38. Kc2 Kc4 39. Bc3 f5 40. gxf5 Bxf5 41. h4 Kd5 42. Bb4 1/2-1/2